00484nam a2200205Ia 4500008004000000020001800040082001800058100002700076245004300103250000500146260004900151300001100200650001500211650000700226650000900233650000700242650001400249650000800263650000700271210210b1988 xxu||||| |||| 00| 0 eng d a0 534 04203 1 a621.3191 ANGP aANGERBAUER (George J). aPrinciples of DC and AC circuits. Ed.2 a aDelhibCBS Publishers and Distributorsc1988 axx,732 aPrinciples aof aEd.2 aDC acircuits. aand aAC